000
00483nam a2200157Ia 4500
008
090124s9999 xx 000 0 und d
082
_b
40683
245
_a
अमृतवाणी
250
_a
0
260
_b
"य़ुनिव्हर्सल पब्लिकेशन्स, कोल्हापुर"
_c
1985
300
_a
60
630
_a
अमृतवाणी
700
_a
शंकर व्ही.
730
_a
अमृतवाणी
942
_c
BOOK
999
_c
106446
_d
106446